| 000 | 00625nam a2200241 a 4500 | ||
|---|---|---|---|
| 001 | nice12345678 | ||
| 003 | IN_TiNIC | ||
| 005 | 20260116013117.0 | ||
| 008 | 070618s1972 pria grp 000 0 eng | ||
| 020 |
_a0691017786 _c100 |
||
| 082 | 0 | 0 |
_a704.947 _bZIM |
| 100 | _aZimmer, Heinrich | ||
| 245 | _aMyths and Symbols in Indian Art and Civilization | ||
| 260 |
_aPrinceton _bPrinceton University Press _c1972 |
||
| 300 | _a248p | ||
| 500 | _aincludes index and biblioraphy | ||
| 650 | _aMythology-Art | ||
| 650 | _aArt-Hindu | ||
| 700 | 1 | _aZimmer, Heinrich | |
| 902 | _bSRS | ||
| 942 | _cBK | ||
| 999 |
_c9692 _d9692 |
||